| 000 | 00969cam a2200313 a 4500 | ||
|---|---|---|---|
| 008 | |||
| 020 | _a9781405187558 (hbk.) | ||
| 040 |
_aNUST _cNUST |
||
| 049 | _aMAIN | ||
| 090 |
_aR727.8 _bPRO |
||
| 245 | 0 | 0 |
_aProfessionalIssues in primary care nursing / _cCarol Lynn Cox and Marie C. Hill |
| 260 |
_aOxford : _bWiley-Blackwell, _c2010. |
||
| 300 |
_axviii, 316 pages : _billustrations ; _c25 cm. |
||
| 336 |
_atext _btxt _2rdacontent |
||
| 337 |
_aunmediated _bn _2rdamedia |
||
| 338 |
_avolume _bnc _2rdacarrier |
||
| 500 | _aIncludes index. | ||
| 504 | _aIncludes bibliographical references. | ||
| 650 | 0 | _aMedical cooperation. | |
| 650 | 0 | _aMedical referral. | |
| 650 | 0 | _aPrimary care (Medicine) | |
| 650 | 1 | 2 | _aPrimary Health Care. |
| 700 | 1 | _aCox, Carol Lynn | |
| 700 | _aHill, Marie C. | ||
| 907 |
_a.b10405768 _b09-07-21 _c21-06-21 |
||
| 003 | |||
| 005 | 20230120204310.0 | ||
| 942 |
_cBOOKS _kR727.8 _mPRO |
||
| 999 |
_c120733 _d120733 |
||